| 000 | 00398cam a2200157ua 4500 | ||
|---|---|---|---|
| 041 |
_aeng _h |
||
| 082 |
_a510.2462 _bROS/MA |
||
| 100 | _aRose, W N . | ||
| 245 |
_aMathematics for engineers part-2 / _cW N Rose. _hTextual Documents |
||
| 250 |
_a5 / _b. |
||
| 260 |
_aLondon : _bEnglish Language Book Society , _c1960. |
||
| 300 | _a403 ; . | ||
| 504 | _a | ||
| 942 | _cBK | ||
| 999 |
_c8822 _d8822 |
||